000 00741nam a22002537a 4500
003 OSt
005 20260122160309.0
008 231205b ||||| |||| 00| 0 eng d
020 _a9789810727161
020 _a9789810820619
020 _a9558129771
040 _cSSBUL
082 _a294.375
_223
_bDh
100 1 _aDhammika, Shravasti,
_d1951-
_934035
245 1 0 _aGood question, good answer /
_cShravasti Dhammika
250 _a25th ed.
260 _aSingapore
_bBuddha Dhamma Manadala Society
_c2012, 2016
300 _a87 pages ;
_c21 cm
500 _aProf. Nicola Tannenbaum
500 _aS-SAT: Dr. Prof Sai Aung Tun
650 _aBuddhism
_934036
650 _aBuddhism
_xQuestions and answers
_934037
942 _cBK1
_2ddc
999 _c32345
_d32345